[Event "Junior Online 4NCL Division 3"]
[Site "online"]
[Date "2021.03.18"]
[EventDate "2021.03.18"]
[Round "5.156"]
[White "Gandhi, Preesh"]
[WhiteElo "1065"]
[WhiteTeam "Warwickshire Bears G"]
[Black "Hilmi, Sofia"]
[BlackElo "1148"]
[BlackTeam "Leicestershire Juniors 3"]
[Result "1-0"]
[PlyCount "151"]

1. e4 e5 2. Nf3 Nc6 3. Bc4 Nf6 4. Ng5 d5 5. exd5 Nd4 6. d6 Qxd6 7. Nxf7 Qc6 8. Nxh8 Qxg2 9. Bf7+ Ke7 10. d3 Qxh1+ 11. Kd2 Qxh2 12. Qf1 Nf3+ 13. Ke3 Qf4+ 14. Ke2 Qd4 15. Kxf3 Bg4+ 16. Kg2 Bh5 17. Bxh5 Nxh5 18. Bg5+ Ke8 19. Qd1 g6 20. c3 Qd5+ 21. Qf3 Qxf3+ 22. Kxf3 Bg7 23. Nxg6 hxg6 24. Nd2 Kf7 25. Ne4 b6 26. a4 Rf8 27. Ke3 Nf6 28. Bxf6 Bxf6 29. Nxf6 Kxf6 30. a5 Rh8 31. axb6 axb6 32. Ra7 Rh7 33. d4 Ke6 34. Ke4 exd4 35. cxd4 Rh4+ 36. f4 Kd6 37. Ra8 Rh2 38. Rg8 Rg2 39. Rd8+ Ke6 40. d5+ Kf6 41. d6 cxd6 42. Rxd6+ Kf7 43. Rxb6 Rg4 44. Ke5 Rh4 45. Rf6+ Kg7 46. b4 Rh5+ 47. f5 gxf5 48. Rxf5 Rh6 49. b5 Rb6 50. Kd4 Kg6 51. Rc5 Kf6 52. Kc4 Ke6 53. Rc6+ Rxc6+ 54. bxc6 Kd6 55. Kb5 Kc7 56. Kc5 Kc8 57. Kd5 Kc7 58. Kc5 Kc8 59. Kb6 Kd8 60. Kb7 Ke7 61. c7 Kd7 62. c8=Q+ Kd6 63. Kb8 Ke7 64. Qc6 Kd8 65. Qd5+ Ke7 66. Kc8 Kf6 67. Qe4 Kf7 68. Qe5 Kg6 69. Qf4 Kg7 70. Qf5 Kh6 71. Qg4 Kh7 72. Qg5 Kh8 73. Kd7 Kh7 74. Ke7 Kh8 75. Kf7 Kh7 76. Qg7# 1-0

[Event "Junior Online 4NCL Division 3"]
[Site "online"]
[Date "2021.03.18"]
[EventDate "2021.03.18"]
[Round "5.157"]
[White "Ahmad, Amelia"]
[WhiteElo "886"]
[WhiteTeam "Leicestershire Juniors 3"]
[Black "Murthy, Rishab"]
[BlackElo "1119"]
[BlackTeam "Warwickshire Bears G"]
[Result "0-1"]
[PlyCount "66"]

1. e4 e5 2. Nf3 Nc6 3. Bc4 Bc5 4. d3 Nf6 5. Ng5 O-O 6. Nxf7 Rxf7 7. Bxf7+ Kxf7 8. Bg5 h6 9. Bxf6 Qxf6 10. O-O Qg6 11. Nc3 d6 12. Qf3+ Kg8 13. Nd5 Bg4 14. Qg3 Rf8 15. h3 Bh5 16. Qxg6 Bxg6 17. Nxc7 Bd4 18. Ne6 Rf6 19. Nxd4 Nxd4 20. c3 Ne6 21. d4 exd4 22. cxd4 Nxd4 23. Rad1 Ne2+ 24. Kh2 Bxe4 25. f3 Bg6 26. Rfe1 Nf4 27. g3 Nh5 28. g4 Nf4 29. Re7 Bc2 30. Rde1 Rf7 31. Re8+ Kh7 32. Rc1 Ba4 33. b3 Bxe8 0-1

[Event "Junior Online 4NCL Division 3"]
[Site "online"]
[Date "2021.03.18"]
[EventDate "2021.03.18"]
[Round "5.158"]
[White "Vora, Ravi"]
[WhiteElo "1050"]
[WhiteTeam "Warwickshire Bears G"]
[Black "Sehgal, Garv"]
[BlackElo "955"]
[BlackTeam "Leicestershire Juniors 3"]
[Result "1-0"]
[PlyCount "61"]

1. d4 d5 2. c4 c5 3. Nf3 dxc4 4. e3 cxd4 5. exd4 Nf6 6. Bxc4 Be6 7. Bxe6 fxe6 8. O-O Nbd7 9. Be3 g6 10. Nc3 Bg7 11. Qa4 O-O 12. Rad1 Nb6 13. Qb3 Nbd5 14. Nxd5 exd5 15. Qxb7 a5 16. Ne5 Rb8 17. Qa6 Ra8 18. Qe2 a4 19. Nc6 Qc7 20. Rc1 Qd6 21. Ne5 a3 22. b3 Rac8 23. g3 Rxc1 24. Rxc1 Ne4 25. f3 Bxe5 26. dxe5 Qxe5 27. Bf4 Nc3 28. Qxe5 Nxa2 29. Rc7 Nb4 30. Bh6 a2 31. Qg7# 1-0

[Event "Junior Online 4NCL Division 3"]
[Site "online"]
[Date "2021.03.18"]
[EventDate "2021.03.18"]
[Round "5.161"]
[White "Soulier, Alfred"]
[WhiteElo "1647"]
[WhiteTeam "KCJS 2"]
[Black "Omoruyi, Jaden"]
[BlackElo "1149"]
[BlackTeam "Brentwood School B"]
[Result "1-0"]
[PlyCount "25"]

1. d4 Nf6 2. Nc3 e6 3. e4 Bb4 4. e5 Ne4 5. Qg4 Nxc3 6. Qxg7 Rf8 7. a3 Ba5 8. b4 Bb6 9. Bg5 f6 10. Bxf6 Rxf6 11. exf6 d5 12. f7+ Ke7 13. f8=Q# 1-0

[Event "Junior Online 4NCL Division 3"]
[Site "online"]
[Date "2021.03.18"]
[EventDate "2021.03.18"]
[Round "5.162"]
[White "Mouratidis, Markos"]
[WhiteElo "1204"]
[WhiteTeam "Brentwood School B"]
[Black "Patel, Zain"]
[BlackElo "1573"]
[BlackTeam "KCJS 2"]
[Result "0-1"]
[PlyCount "146"]

1. e4 c5 2. Nf3 d6 3. d4 cxd4 4. Nxd4 Nf6 5. Nc3 a6 6. Be3 e6 7. Bd3 b5 8. a3 Bb7 9. Nf3 Nbd7 10. O-O Be7 11. Qd2 O-O 12. Rfe1 Rc8 13. Rac1 Nc5 14. Bxc5 Rxc5 15. b4 Rh5 16. Be2 Nxe4 17. Nxe4 Bxe4 18. Qe3 Bxf3 19. Bxf3 Re5 20. Qd3 Bf6 21. Rcd1 Qb6 22. Rxe5 Bxe5 23. Be4 g6 24. g3 Rc8 25. Kg2 Rc3 26. Qd2 Rxa3 27. f4 Bc3 28. Qxd6 Qxd6 29. Rxd6 Bxb4 30. Rd8+ Kg7 31. Ra8 a5 32. Bc6 Rc3 33. Bxb5 Rxc2+ 34. Kh3 Be1 35. Ra7 Kf6 36. Be8 Kg7 37. Rxf7+ Kh6 38. g4 g5 39. Rf6+ Kg7 40. fxg5 Bd2 41. Rf7+ Kg8 42. Kh4 Be1+ 43. Kh3 Rc8 44. Re7 Kf8 45. Rxe6 Rxe8 46. Rf6+ Kg7 47. Ra6 Re5 48. Ra7+ Kg6 49. Rc7 Rxg5 50. Re7 Bf2 51. Re2 Bc5 52. Rc2 a4 53. Kh4 h5 54. h3 Be7 55. Rc6+ Bf6 56. Kg3 h4+ 57. Kf4 Ra5 58. Rc2 a3 59. Ra2 Bb2 60. Ke4 Rc5 61. Kd3 Rc3+ 62. Kd2 Rxh3 63. Kc2 Rh1 64. Kb3 Ra1 65. Rxb2 axb2 66. Kxb2 Rg1 67. Kc3 Rxg4 68. Kd3 h3 69. Ke3 h2 70. Kf2 h1=Q 71. Ke3 Qh3+ 72. Kf2 Rg2+ 73. Kf1 Qh1# 0-1

[Event "Junior Online 4NCL Division 3"]
[Site "online"]
[Date "2021.03.18"]
[EventDate "2021.03.18"]
[Round "5.163"]
[White "Poghosyan, Jake"]
[WhiteElo "1488"]
[WhiteTeam "KCJS 2"]
[Black "Kriel, Daniel"]
[BlackElo "1017"]
[BlackTeam "Brentwood School B"]
[Result "1-0"]
[PlyCount "51"]

1. e4 e5 2. Nf3 Nc6 3. Bc4 Bc5 4. b4 Bxb4 5. c3 Bc5 6. d4 exd4 7. cxd4 Bb4+ 8. Kf1 Nf6 9. Qb3 Nxe4 10. Bxf7+ Kf8 11. Bh5 g6 12. Bh6+ Ke8 13. d5 gxh5 14. dxc6 Bd6 15. cxb7 Bxb7 16. Qxb7 Nc5 17. Qd5 Rb8 18. Qxh5+ Ke7 19. Bg5+ Ke6 20. Bxd8 Rhxd8 21. Nc3 Rf8 22. Re1+ Kf6 23. Qg5+ Kf7 24. Ne5+ Bxe5 25. Rxe5 Nd3 26. Re7# 1-0

[Event "Junior Online 4NCL Division 3"]
[Site "online"]
[Date "2021.03.18"]
[EventDate "2021.03.18"]
[Round "5.164"]
[White "Coppell, Gracie"]
[WhiteElo "857"]
[WhiteTeam "Brentwood School B"]
[Black "Blicharz, Maks"]
[BlackElo "1337"]
[BlackTeam "KCJS 2"]
[Result "0-1"]
[PlyCount "64"]

1. e4 c5 2. Nf3 d6 3. Bc4 Nc6 4. O-O Nf6 5. h3 e6 6. d3 Be7 7. Nc3 b6 8. Bf4 Bb7 9. e5 dxe5 10. Nxe5 O-O 11. Nxc6 Bxc6 12. Be5 b5 13. Bxb5 Bxb5 14. Nxb5 Qb6 15. c4 Rac8 16. Qf3 a6 17. Nc3 Nd7 18. Bf4 Qxb2 19. Na4 Qb4 20. Qd1 Bf6 21. Rb1 Qa5 22. Bd6 Rfd8 23. Bf4 Ne5 24. Bxe5 Bxe5 25. Nb6 Rb8 26. Nd7 Rxb1 27. Qxb1 Rxd7 28. Re1 Bc3 29. Qb8+ Qd8 30. Qb3 Bxe1 31. Qd1 Rxd3 32. Qxe1 Rd1 0-1

[Event "Junior Online 4NCL Division 3"]
[Site "online"]
[Date "2021.03.18"]
[EventDate "2021.03.18"]
[Round "5.165"]
[White "Omoruyi, Jaden"]
[WhiteElo "1149"]
[WhiteTeam "Brentwood School B"]
[Black "Soulier, Alfred"]
[BlackElo "1647"]
[BlackTeam "KCJS 2"]
[Result "0-1"]
[PlyCount "106"]

1. e4 c5 2. d4 cxd4 3. c3 Nf6 4. e5 Nd5 5. cxd4 Nc6 6. Bc4 Nb6 7. Bb3 d6 8. d5 Nxe5 9. Bf4 Ng6 10. Be3 Bf5 11. Nc3 Ne5 12. f4 Nd3+ 13. Ke2 Nxb2 14. Bxb6 Nxd1 15. Bxd8 Nxc3+ 16. Kd2 Ne4+ 17. Ke3 Rxd8 18. Ba4+ Bd7 19. Bxd7+ Kxd7 20. Kxe4 g6 21. g4 Bg7 22. Rb1 b6 23. Nf3 f6 24. Nd4 Rc8 25. Rbc1 f5+ 26. gxf5 Bxd4 27. Kxd4 gxf5 28. Rc3 Rxc3 29. Kxc3 Rg8 30. Rd1 Rg2 31. Rd2 Rxd2 32. Kxd2 e6 33. dxe6+ Kxe6 34. Ke3 d5 35. Kd4 Kd6 36. h3 h6 37. a3 a6 38. a4 b5 39. axb5 axb5 40. h4 h5 41. Kc3 Kc5 42. Kd3 b4 43. Kc2 Kc4 44. Kd2 b3 45. Kc1 Kc3 46. Kb1 d4 47. Kc1 d3 48. Kd1 b2 49. Ke1 b1=Q+ 50. Kf2 d2 51. Ke3 d1=Q 52. Kf2 Qbc2+ 53. Ke3 Qce2# 0-1

[Event "Junior Online 4NCL Division 3"]
[Site "online"]
[Date "2021.03.18"]
[EventDate "2021.03.18"]
[Round "5.166"]
[White "Patel, Zain"]
[WhiteElo "1573"]
[WhiteTeam "KCJS 2"]
[Black "Mouratidis, Markos"]
[BlackElo "1204"]
[BlackTeam "Brentwood School B"]
[Result "1-0"]
[PlyCount "69"]

1. d4 d5 2. c4 e6 3. Nc3 Nf6 4. cxd5 exd5 5. Bg5 Be7 6. e3 Bf5 7. Bxf6 Bxf6 8. Qb3 Nd7 9. Qxb7 Rb8 10. Qxd5 Be6 11. Qc6 Rb6 12. Qa4 Rxb2 13. Bb5 O-O 14. Qa3 Rxb5 15. Nxb5 Qb8 16. Rb1 c6 17. Nc3 Qc7 18. Nf3 Re8 19. O-O Be7 20. Qb2 Rb8 21. Qc2 Rc8 22. Rfd1 Nf6 23. Ne4 Bf5 24. Nxf6+ Bxf6 25. Qxf5 Rb8 26. Rxb8+ Qxb8 27. d5 cxd5 28. Rxd5 g6 29. Qd3 Kg7 30. h3 h5 31. Rd7 Qb6 32. Qd5 Qb1+ 33. Kh2 Qf5 34. Qxf7+ Kh6 35. Qh7# 1-0

[Event "Junior Online 4NCL Division 3"]
[Site "online"]
[Date "2021.03.18"]
[EventDate "2021.03.18"]
[Round "5.167"]
[White "Kriel, Daniel"]
[WhiteElo "1017"]
[WhiteTeam "Brentwood School B"]
[Black "Poghosyan, Jake"]
[BlackElo "1488"]
[BlackTeam "KCJS 2"]
[Result "0-1"]
[PlyCount "28"]

1. e4 e5 2. Nf3 Nf6 3. Bc4 Bc5 4. Nc3 Nc6 5. d3 d6 6. Bg5 Be6 7. Nd5 h6 8. Bxf6 gxf6 9. O-O Rg8 10. a3 Bh3 11. Nh4 f5 12. Qf3 Qxh4 13. g3 Bg4 14. gxh4 Bxf3# 0-1

[Event "Junior Online 4NCL Division 3"]
[Site "online"]
[Date "2021.03.18"]
[EventDate "2021.03.18"]
[Round "5.168"]
[White "Blicharz, Maks"]
[WhiteElo "1337"]
[WhiteTeam "KCJS 2"]
[Black "Coppell, Gracie"]
[BlackElo "857"]
[BlackTeam "Brentwood School B"]
[Result "1-0"]
[PlyCount "43"]

1. e4 e5 2. Nf3 Nc6 3. Bc4 Bc5 4. d3 h6 5. Be3 Bb6 6. O-O Nf6 7. Nc3 O-O 8. d4 exd4 9. Nxd4 Nxd4 10. Bxd4 Bxd4 11. Qxd4 d6 12. Rfe1 c5 13. Qd2 Bg4 14. Re3 Qa5 15. Rg3 Qb4 16. Bb3 Bh5 17. a3 Qa5 18. Qxh6 g6 19. Nd5 Nxd5 20. Bxd5 Rae8 21. Qxh5 g5 22. Rxg5# 1-0

[Event "Junior Online 4NCL Division 3"]
[Site "online"]
[Date "2021.04.01"]
[EventDate "2021.04.01"]
[Round "6.11"]
[White "Barringer-Allen, William B"]
[WhiteElo "1340"]
[WhiteTeam "Edgware Gambits C"]
[Black "Jessop,Osian"]
[BlackElo "1284"]
[BlackTeam "Border Bandits 2"]
[Result "1-0"]
[PlyCount "57"]

1. d4 f5 2. Nc3 e6 3. e4 g6 4. Bd3 fxe4 5. Bxe4 d5 6. Bd3 Nc6 7. Bf4 Bd6 8. Nge2 Bxf4 9. Nxf4 Nge7 10. Qd2 Nxd4 11. O-O-O Nec6 12. Bb5 a6 13. Bxc6+ Nxc6 14. Qe3 d4 15. Qf3 Qg5 16. Ne2 e5 17. h4 Qh6 18. Qe4 Bf5 19. Qf3 exf4 20. g4 Bd7 21. Nxd4 Nxd4 22. Rxd4 O-O-O 23. g5 Qh5 24. Qxf4 Bf5 25. Rc4 c6 26. f3 b5 27. Rxc6+ Kb7 28. Qc7+ Ka8 29. Rxa6# 1-0

[Event "Junior Online 4NCL Division 3"]
[Site "online"]
[Date "2021.04.01"]
[EventDate "2021.04.01"]
[Round "6.12"]
[White "Watkins, Gabby"]
[WhiteElo "1087"]
[WhiteTeam "Border Bandits 2"]
[Black "Gill, Veer"]
[BlackElo "1306"]
[BlackTeam "Edgware Gambits C"]
[Result "1-0"]
[PlyCount "67"]

1. d4 c5 2. c3 d5 3. Bf4 Nc6 4. Nf3 Qb6 5. b3 Nf6 6. h3 Bf5 7. e3 e6 8. Bd3 Bg6 9. O-O Be7 10. Qe2 O-O 11. Nbd2 Rad8 12. Ne5 Bxd3 13. Nxd3 Rfe8 14. dxc5 Bxc5 15. Nxc5 Qxc5 16. Rac1 e5 17. Bg5 Qd6 18. Rfd1 h6 19. Bh4 d4 20. exd4 exd4 21. Qb5 dxc3 22. Rxc3 Qe5 23. Rc5 Qb2 24. Bxf6 gxf6 25. Qxb7 Ne5 26. Rd5 Qxa2 27. Ne4 Rxd5 28. Qxd5 Kg7 29. Ng3 Re7 30. Nf5+ Kh7 31. Nxe7 a5 32. Qe4+ Kg7 33. Nf5+ Kf8 34. Rd8# 1-0

[Event "Junior Online 4NCL Division 3"]
[Site "online"]
[Date "2021.04.01"]
[EventDate "2021.04.01"]
[Round "6.13"]
[White "Wong, Firoz"]
[WhiteElo "1350"]
[WhiteTeam "Edgware Gambits C"]
[Black "Fennell, Owyn"]
[BlackElo "963"]
[BlackTeam "Border Bandits 2"]
[Result "1-0"]
[PlyCount "37"]

1. d4 d5 2. Bf4 f5 3. Nf3 Nf6 4. e3 Ne4 5. Nbd2 Nxd2 6. Qxd2 Nc6 7. c4 dxc4 8. Bxc4 e6 9. O-O Bb4 10. Qc2 a6 11. a3 Ba5 12. b4 Nxb4 13. axb4 Bxb4 14. Qa4+ b5 15. Bxb5+ axb5 16. Qxa8 Bc3 17. Qc6+ Bd7 18. Qxc3 Bc6 19. Qxc6+ 1-0

[Event "Junior Online 4NCL Division 3"]
[Site "online"]
[Date "2021.04.01"]
[EventDate "2021.04.01"]
[Round "6.14"]
[White "Siddall, George"]
[WhiteElo "708"]
[WhiteTeam "Border Bandits 2"]
[Black "Milani-Foglia, Aurelio"]
[BlackElo "1281"]
[BlackTeam "Edgware Gambits C"]
[Result "0-1"]
[PlyCount "86"]

1. e4 e6 2. d4 d5 3. e5 c5 4. dxc5 Bxc5 5. Nf3 Nc6 6. Nc3 Qc7 7. Bb5 Ne7 8. O-O O-O 9. Bg5 Nxe5 10. Re1 Nxf3+ 11. Qxf3 Nf5 12. Na4 Bd6 13. g3 Nd4 14. Qd3 Nxb5 15. Qxb5 Qxc2 16. Rac1 Qf5 17. Bh4 g5 18. Bxg5 Qxg5 19. h4 Qf5 20. Rf1 a6 21. Qb6 Qe5 22. Rce1 Bc7 23. Qc5 Qd6 24. Qd4 Bd7 25. Re3 b5 26. Nc5 Bb6 27. Rc3 Rac8 28. Rfc1 e5 29. Nb7 Bxd4 30. Nxd6 Bxc3 31. Nxc8 Bxb2 32. Rc7 Bxc8 33. g4 Bxg4 34. Rc5 Bf3 35. Rc7 Kh8 36. Kf1 Rg8 37. Ra7 Rg6 38. h5 Rh6 39. Rxf7 e4 40. Rf8+ Kg7 41. Re8 Rxh5 42. Re7+ Kf6 43. Rc7 Rh1# 0-1

[Event "Junior Online 4NCL Division 3"]
[Site "online"]
[Date "2021.04.01"]
[EventDate "2021.04.01"]
[Round "6.15"]
[White "Jessop,Osian"]
[WhiteElo "1284"]
[WhiteTeam "Border Bandits 2"]
[Black "Barringer-Allen, William B"]
[BlackElo "1340"]
[BlackTeam "Edgware Gambits C"]
[Result "1-0"]
[PlyCount "47"]

1. e4 e5 2. Nf3 Nc6 3. Bc4 Be7 4. d3 d6 5. Nc3 Bg4 6. h3 Bh5 7. g4 Bg6 8. h4 h5 9. gxh5 Rxh5 10. Nd5 Qd7 11. Rg1 O-O-O 12. Be3 f5 13. exf5 Qxf5 14. Nxe7+ Ngxe7 15. Bg5 e4 16. Bxe7 Nxe7 17. Ng5 Rf8 18. Be6+ Kb8 19. Bxf5 Nxf5 20. Ne6 Rf6 21. Rxg6 Rxg6 22. Qxh5 Rxe6 23. Qh8+ Re8 24. Qxe8# 1-0

[Event "Junior Online 4NCL Division 3"]
[Site "online"]
[Date "2021.04.01"]
[EventDate "2021.04.01"]
[Round "6.16"]
[White "Gill, Veer"]
[WhiteElo "1306"]
[WhiteTeam "Edgware Gambits C"]
[Black "Watkins, Gabby"]
[BlackElo "1087"]
[BlackTeam "Border Bandits 2"]
[Result "1-0"]
[PlyCount "57"]

1. e4 c6 2. c4 d5 3. cxd5 cxd5 4. exd5 Bf5 5. Nc3 a6 6. Nf3 h6 7. Bc4 Nf6 8. O-O Qc7 9. Bb3 Nbd7 10. d4 Nb6 11. Be3 Rd8 12. Qd2 Nbxd5 13. Nxd5 Nxd5 14. Rac1 Qb8 15. Bxd5 Rxd5 16. Bf4 Qd8 17. Bc7 Qa8 18. Rfe1 e6 19. Qf4 Bb4 20. Red1 O-O 21. a3 Be7 22. Qg3 Bf6 23. Bf4 Kh8 24. Rc7 b5 25. Ne5 Bxe5 26. Bxe5 Bg6 27. h4 h5 28. Qg5 Qd8 29. Qh6+ 1-0

[Event "Junior Online 4NCL Division 3"]
[Site "online"]
[Date "2021.04.01"]
[EventDate "2021.04.01"]
[Round "6.17"]
[White "Fennell, Owyn"]
[WhiteElo "963"]
[WhiteTeam "Border Bandits 2"]
[Black "Wong, Firoz"]
[BlackElo "1350"]
[BlackTeam "Edgware Gambits C"]
[Result "0-1"]
[PlyCount "31"]

1. d4 f5 2. Nc3 Nf6 3. f3 e6 4. e4 Be7 5. Bb5 O-O 6. Bg5 c6 7. Bc4 d5 8. Bxd5 cxd5 9. exd5 Nxd5 10. Nxd5 exd5 11. Nh3 Bxg5 12. Nxg5 Re8+ 13. Ne6 Rxe6+ 14. Kf2 Nc6 15. Re1 Bd7 16. Qe2 0-1

[Event "Junior Online 4NCL Division 3"]
[Site "online"]
[Date "2021.04.01"]
[EventDate "2021.04.01"]
[Round "6.18"]
[White "Milani-Foglia, Aurelio"]
[WhiteElo "1281"]
[WhiteTeam "Edgware Gambits C"]
[Black "Siddall, George"]
[BlackElo "708"]
[BlackTeam "Border Bandits 2"]
[Result "1-0"]
[PlyCount "31"]

1. e4 e5 2. Nf3 Nc6 3. Bc4 Nf6 4. d3 h6 5. Bd2 Be7 6. O-O d6 7. h3 Be6 8. Bb3 Bxb3 9. axb3 Qd7 10. Nc3 O-O-O 11. Be3 Nd4 12. Rxa7 Ne2+ 13. Nxe2 c6 14. Bb6 Kb8 15. Qa1 Kc8 16. Ra8# 1-0

[Event "Junior Online 4NCL Division 3"]
[Site "online"]
[Date "2021.04.01"]
[EventDate "2021.04.01"]
[Round "6.21"]
[White "Cepoi, Gesneria-Codruta"]
[WhiteElo "1051"]
[WhiteTeam "Uxbridge Girls"]
[Black "McBrinn, Conall"]
[BlackElo "1683"]
[BlackTeam "JHJ Shark Tank 1"]
[Result "0-1"]
[PlyCount "80"]

1. e4 e6 2. Nf3 d5 3. e5 c5 4. d4 Qb6 5. Nc3 Nc6 6. dxc5 Bxc5 7. Qe2 Nge7 8. Bd2 Ng6 9. Na4 Bxf2+ 10. Qxf2 Qc7 11. Bc3 Ngxe5 12. Nxe5 Nxe5 13. Bb5+ Bd7 14. Bxd7+ Kxd7 15. Nc5+ Ke7 16. Qd4 f6 17. Bb4 a5 18. Ba3 Kf7 19. b3 b6 20. Na4 b5 21. Nc5 b4 22. Bb2 Rac8 23. Na4 Qxc2 24. O-O Ke7 25. Qa7+ Rc7 26. Qxa5 Nd3 27. Rab1 Rhc8 28. h3 Qd2 29. Rbd1 Qe3+ 30. Kh2 Rc2 31. Rf3 Qe2 32. Qa7+ R8c7 33. Qg1 Qxf3 34. Kh1 Qf4 35. Rf1 Qg3 36. Qh2 Qxh2+ 37. Kxh2 Nxb2 38. Rf4 Nxa4 39. bxa4 R2c4 40. Rf2 Ra7 0-1

[Event "Junior Online 4NCL Division 3"]
[Site "online"]
[Date "2021.04.01"]
[EventDate "2021.04.01"]
[Round "6.22"]
[White "Ward, Cian"]
[WhiteElo "1651"]
[WhiteTeam "JHJ Shark Tank 1"]
[Black "Knight, Zoe B"]
[BlackElo "993"]
[BlackTeam "Uxbridge Girls"]
[Result "0-1"]
[PlyCount "60"]

1. e4 d5 2. exd5 Nf6 3. Nf3 Bg4 4. h3 Bh5 5. g4 Bg6 6. Bb5+ c6 7. dxc6 bxc6 8. Bc4 e6 9. Nc3 Bb4 10. a3 Ba5 11. b4 Bb6 12. d4 Ne4 13. Nxe4 Bxe4 14. c3 Nd7 15. Qe2 Bd5 16. Bxd5 cxd5 17. Ne5 Nxe5 18. Qxe5 O-O 19. h4 f6 20. Qg3 e5 21. dxe5 fxe5 22. g5 Bxf2+ 23. Qxf2 Rxf2 24. Kxf2 Qb6+ 25. Be3 d4 26. cxd4 exd4 27. Bd2 d3+ 28. Ke1 Re8+ 29. Kd1 Qf2 30. Rc1 Qe2# 0-1

[Event "Junior Online 4NCL Division 3"]
[Site "online"]
[Date "2021.04.01"]
[EventDate "2021.04.01"]
[Round "6.23"]
[White "Siddiqui, Zainab"]
[WhiteElo "961"]
[WhiteTeam "Uxbridge Girls"]
[Black "Yu, William"]
[BlackElo "1587"]
[BlackTeam "JHJ Shark Tank 1"]
[Result "0-1"]
[PlyCount "78"]

1. e4 e6 2. d4 d5 3. Qf3 dxe4 4. Qxe4 Nf6 5. Qf3 Qxd4 6. c3 Qe4+ 7. Be3 Qxf3 8. Nxf3 b6 9. Ne5 Bd6 10. Nc4 Ba6 11. Nxd6+ cxd6 12. c4 d5 13. b3 O-O 14. g3 dxc4 15. Bg2 Nd5 16. Bg5 Nd7 17. O-O Rac8 18. Rc1 cxb3 19. axb3 Rxc1+ 20. Bxc1 Rc8 21. Bg5 h6 22. Bd2 Bd3 23. h3 a5 24. Na3 Nc5 25. Rb1 Bxb1 26. Nxb1 Nxb3 27. Be1 Rc1 28. Bxd5 Rxe1+ 29. Kg2 exd5 30. Nc3 d4 31. Nd5 d3 32. f4 d2 33. Nc3 Rc1 34. Ne2 d1=Q 35. Nxc1 Qxc1 36. Kf3 Qc4 37. Kg4 Nd4 38. h4 Qe6+ 39. f5 Qxf5# 0-1

[Event "Junior Online 4NCL Division 3"]
[Site "online"]
[Date "2021.04.01"]
[EventDate "2021.04.01"]
[Round "6.24"]
[White "Duke, Dillan"]
[WhiteElo "1558"]
[WhiteTeam "JHJ Shark Tank 1"]
[Black "Vijayakumar, Mrinali"]
[BlackElo "700"]
[BlackTeam "Uxbridge Girls"]
[Result "1-0"]
[PlyCount "55"]

1. e4 e5 2. Nc3 Bc5 3. Nf3 d6 4. Bc4 Nf6 5. O-O O-O 6. d4 exd4 7. Nxd4 d5 8. exd5 Ne4 9. Nxe4 Bb4 10. c3 Bc5 11. Nxc5 b6 12. Ne4 Qh4 13. Re1 Bg4 14. f3 Bf5 15. Bg5 Qh5 16. Nxf5 Nd7 17. Qd4 f6 18. Bf4 Qxf5 19. Bg3 Rae8 20. d6+ Re6 21. Ng5 c5 22. Bxe6+ Kh8 23. Bxf5 cxd4 24. Bxd7 fxg5 25. cxd4 b5 26. Bf5 Rxf5 27. Re8+ Rf8 28. Rxf8# 1-0

[Event "Junior Online 4NCL Division 3"]
[Site "online"]
[Date "2021.04.01"]
[EventDate "2021.04.01"]
[Round "6.25"]
[White "McBrinn, Conall"]
[WhiteElo "1683"]
[WhiteTeam "JHJ Shark Tank 1"]
[Black "Cepoi, Gesneria-Codruta"]
[BlackElo "1051"]
[BlackTeam "Uxbridge Girls"]
[Result "1-0"]
[PlyCount "89"]

1. d4 f5 2. c4 Nf6 3. Nc3 g6 4. Nf3 Bg7 5. Bf4 d5 6. cxd5 Nxd5 7. Nxd5 Qxd5 8. e3 Nc6 9. a3 Qa5+ 10. b4 Qd5 11. Rc1 Qd8 12. b5 Nb8 13. Bxc7 Qd7 14. Ne5 Bxe5 15. Bxe5 O-O 16. Bc4+ e6 17. Qb3 Re8 18. d5 Qe7 19. dxe6 Bxe6 20. Bxe6+ Qxe6 21. Qxe6+ Rxe6 22. Rc8+ Kf7 23. Rxb8 Rxb8 24. Bxb8 a6 25. bxa6 bxa6 26. O-O Rb6 27. Bc7 Rc6 28. Bf4 Kf6 29. h3 g5 30. Bg3 h5 31. h4 g4 32. Rd1 Ke6 33. f3 a5 34. e4 fxe4 35. fxe4 Rb6 36. e5 Rb3 37. Rd6+ Ke7 38. Kh2 Rxa3 39. Rh6 Re3 40. Rxh5 a4 41. Rh7+ Ke6 42. Ra7 a3 43. h5 Kf5 44. h6 Kg6 45. h7 1-0

[Event "Junior Online 4NCL Division 3"]
[Site "online"]
[Date "2021.04.01"]
[EventDate "2021.04.01"]
[Round "6.26"]
[White "Knight, Zoe B"]
[WhiteElo "993"]
[WhiteTeam "Uxbridge Girls"]
[Black "Ward, Cian"]
[BlackElo "1651"]
[BlackTeam "JHJ Shark Tank 1"]
[Result "0-1"]
[PlyCount "59"]

1. d4 d5 2. Nf3 Nf6 3. Bf4 Bf5 4. e3 e6 5. a3 Bd6 6. Ne5 Nbd7 7. c3 Bxe5 8. Bxe5 Nxe5 9. dxe5 Nd7 10. f4 Qe7 11. Bd3 Bxd3 12. Qxd3 Nc5 13. Qb5+ c6 14. Qe2 Nb3 15. Ra2 Nc1 16. Qc2 Nxa2 17. Qb3 Nc1 18. Qc2 Na2 19. Qb3 O-O-O 20. Qxa2 Qc5 21. O-O Qxe3+ 22. Rf2 d4 23. Qb3 d3 24. c4 Qc5 25. Nd2 Rd4 26. Nf3 Rxf4 27. g3 Rxf3 28. Kg2 Rxf2+ 29. Kg1 Rxb2+ 30. Kf1 0-1

[Event "Junior Online 4NCL Division 3"]
[Site "online"]
[Date "2021.04.01"]
[EventDate "2021.04.01"]
[Round "6.27"]
[White "Yu, William"]
[WhiteElo "1587"]
[WhiteTeam "JHJ Shark Tank 1"]
[Black "Siddiqui, Zainab"]
[BlackElo "961"]
[BlackTeam "Uxbridge Girls"]
[Result "1-0"]
[PlyCount "117"]

1. d4 b6 2. Bf4 Bb7 3. Nf3 d6 4. e3 e5 5. dxe5 dxe5 6. Qxd8+ Kxd8 7. Nxe5 Bd5 8. c4 Be6 9. g3 f6 10. Bg2 c6 11. Nxc6+ Nxc6 12. Bxc6 Rc8 13. Bb5 g5 14. Ba6 Rc5 15. b4 Rc6 16. Bb8 Bxc4 17. Bxc4 Rxc4 18. O-O Bxb4 19. a3 Bc5 20. Nd2 Rc2 21. Ne4 h5 22. Bd6 Bxd6 23. Nxd6 Nh6 24. Rfd1 Ke7 25. Ne4 h4 26. Rd4 hxg3 27. hxg3 Ng4 28. Rad1 Rh2 29. Rd7+ Ke6 30. R1d6+ Kf5 31. Rd5+ Ne5 32. Kxh2 Kxe4 33. Kg2 Ng4 34. Rd2 Rc3 35. R2d4+ Kf5 36. R7d5+ Ne5 37. f4 Rxe3 38. fxe5 fxe5 39. Rd3 Rxd3 40. Rxd3 e4 41. Re3 Ke5 42. Kf2 g4 43. a4 a6 44. Rb3 b5 45. axb5 axb5 46. Rxb5+ Kd4 47. Ke2 e3 48. Rg5 Ke4 49. Rxg4+ Kf5 50. Rf4+ Ke5 51. Kxe3 Kd5 52. g4 Ke5 53. g5 Ke6 54. g6 Ke7 55. g7 Ke6 56. g8=Q+ Ke7 57. Qg6 Kd7 58. Rf7+ Ke8 59. Qg8# 1-0

[Event "Junior Online 4NCL Division 3"]
[Site "online"]
[Date "2021.04.01"]
[EventDate "2021.04.01"]
[Round "6.28"]
[White "Vijayakumar, Mrinali"]
[WhiteElo "700"]
[WhiteTeam "Uxbridge Girls"]
[Black "Duke, Dillan"]
[BlackElo "1558"]
[BlackTeam "JHJ Shark Tank 1"]
[Result "0-1"]
[PlyCount "60"]

1. e4 e6 2. Nf3 d5 3. e5 c5 4. d4 Nc6 5. dxc5 Bxc5 6. Qd2 Bd7 7. Bd3 Qb6 8. Qf4 Bxf2+ 9. Ke2 Nge7 10. Ng5 Nd4+ 11. Kxf2 Nef5 12. Nc3 h6 13. g4 hxg5 14. Qxg5 Nxc2+ 15. Kf3 Nxa1 16. gxf5 Bc6 17. Qxg7 O-O-O 18. Qxf7 Kb8 19. Qxe6 d4+ 20. Ne4 Rhf8 21. f6 Bxe4+ 22. Kxe4 Qxe6 23. Rf1 Rde8 24. Kxd4 Qxe5+ 25. Kc4 Rc8+ 26. Kb4 a5+ 27. Ka4 Qd4+ 28. Kxa5 Ka7 29. f7 Rc5+ 30. Bb5 b6# 0-1